| 000 | 00455nam a22001577a 4500 | ||
|---|---|---|---|
| 003 | SGT | ||
| 020 | _a9789395039994 | ||
| 082 |
_a615.321 _bP24A |
||
| 100 | _aAUGUSTI,K.T. | ||
| 245 | _aPHYTOCHEMISTRY AND PHARMACOLOGY OF IMPORTANT MEDICINAL PLANTS | ||
| 260 |
_aHYDERABAD _bPHARMA MED PRESS _c2024 |
||
| 300 | _a686 | ||
| 650 | _aPHARMACOLOGY & PHYTOCHEMISTRY | ||
| 653 | _aPHYTOCHEMISTRY , PHARMACOLOGY , IMPORTANT, MEDICINAL ,PLANTS | ||
| 942 |
_2ddc _cBK |
||
| 999 |
_c26986 _d26986 |
||